000 00694nam a22001937a 4500
999 _c166531
_d166531
005 20190726150939.0
010 _aUR-10296
020 _c200.00
_a9789388105828
035 _aU-8851
037 _bDBAD/PUB
082 _a844.08
100 _aر و شن آ ر ا
245 _aمضا مين منٹو :ا يک تنقيد ي مطا لعہ
_cر و شن آ ر ا
246 _bMazameen -e-Manto;Ek Tanqidi Mutalia (Urdu)
_aby Dr.Roshan Ara
260 _a Delhi
_bEducational Publishing House
_c2018 ء
270 _a3191,Vakil Street,Kucha Pandit Lal Kuan,
_bDelhi
_e110006
_k23216162
_l0091-1123211540
300 _a180 ص
_c22 Cm(Hb)
942 _2ddc
_cUR
_h844
_mر و ش